| 000 | 004870000a22001690004500 | ||
|---|---|---|---|
| 041 | 0 | _aSPA | |
| 082 | 0 | 4 | _aG 286.1092 A321h |
| 100 | 1 | _aAlarcón, Lidia de | |
| 245 | 1 | 0 | _aHerminia Bagby de Sowell : Misionera de la primera hora en acción / Lidia D. de Alarcon |
| 260 | _aBuenos Aires, Argentina : Junta Bautista | ||
| 300 | _a63 Pag | ||
| 001 | 8807 | ||
| 942 | _cBK | ||
| 999 |
_c38925 _d38925 |
||
| 336 |
_atexto _btxt _2rdacontent |
||
| 337 |
_2rdamedia _asin mediación _bn |
||
| 338 |
_2rdacarrier _avolumen _bnc |
||